000 00835nac a22002777a 4500
001 BR7704230
003 BR-BrBNA
005 20240105114123.0
008 230509b bl.|||m| |||| 00| 0 por d
040 _aBR-BrBNA
_bpor
_cBiblioteca Nacional de Agricultura
072 _aK10
090 _a3000 BR7704230
100 1 _aFernandes, P. de S.
110 1 _aInstituto Florestal, Sao Paulo, SP (Brasil)
_96362
245 1 _aInducao dos processos de floracao e frutificacao [Arvore florestal]
260 3 _aSao Paulo, SP (Brasil):
_c1977.
300 _ap. 1-11
490 _aPublicacao IF (Brazil)
_vno. 16
_xISSN 0100-4808
500 _a10 ref.
650 _aINDUCAO
650 _aFLORACAO
650 _aFRUTIFICACAO
650 _aARVORE FLORESTAL
909 _a202312
_bLúcia Elande
_c55
_dLúcia Elande
942 _2AGRIS
_n0
_cMS
999 _c267494
_d267494